000
00232nam a22000857a 4500
008
170612b xxu||||| |||| 00| 0 eng d
100
_9
3360
_a
Singh. L
245
_a
Awereness science for - VII
260
_a
New Delhi
_b
Chand Publication
_c
2009
999
_c
6698
_d
6698